LEADER 01424nam--2200421---450- 001 990000742160203316 005 20050704100808.0 010 $a0-521-23094-2 035 $a0074216 035 $aUSA010074216 035 $a(ALEPH)000074216USA01 035 $a0074216 100 $a20011114d1989----km-y0itay0103----ba 101 $aeng 102 $aGB 105 $a||||||||001yy 200 1 $aFamily time and industrial time$ethe relationship between the family and work in a New England industrial community$fTamara K. Kareven 210 $aCambridge$cCambridge University$d1989 215 $aXVIII, 474 p$d24 cm 225 2 $aInterdisciplinary perspectives on modern history 410 $12001$aInterdisciplinary perspectives on modern history 606 0 $aLavoratori tessili$yManchester$xStoria 606 0 $aFamiglia$yManchester$xStoria 676 $a305.56 700 1$aKAREVEN,$bTamara K.$0549798 801 0$aIT$bsalbc$gISBD 912 $a990000742160203316 951 $aII.5. 3157(II i B 1472)$b114664 LM$cII i B 959 $aBK 969 $aUMA 979 $aPATTY$b90$c20011114$lUSA01$h1344 979 $aPATTY$b90$c20011114$lUSA01$h1344 979 $aPATTY$b90$c20011114$lUSA01$h1345 979 $c20020403$lUSA01$h1722 979 $aPATRY$b90$c20040406$lUSA01$h1651 979 $aCOPAT5$b90$c20050704$lUSA01$h1008 996 $aFamily time and industrial time$9963511 997 $aUNISA LEADER 01355cam0-22004451i-450 001 990001673860403321 005 20260121120910.0 035 $a000167386 035 $aFED01000167386 035 $a(Aleph)000167386FED01 100 $a20030910d1979----km-y0itay50------ba 101 0 $aita 102 $aIT 105 $ay-------001yy 200 1 $a<>programmazione comprensoriale$eanalisi socio-economica dei comprensori piemontesi$fRegione Piemonte$gGianfranco Mossetto ... [et al.] 210 $aTorino$cRegione Piemonte$dstampa 1979 215 $a474 p.$cill.$d30 cm 225 1 $aQuaderni della programmazione$v1 610 0 $aProgrammazione economica 610 0 $aEconomia regionale$aPianificazione 610 0 $aPiemonte 676 $a338.9$v23$zita 676 $aF/3.113 676 $a074.014 702 1$aMossetto,$bGianfranco$f<1944- > 710 02$aPiemonte$c$06390 801 0$aIT$bUNINA$gRICA$2UNIMARC 901 $aBK 912 $a990001673860403321 952 $aF/3.113 REG/2$b9466/I$fSES 952 $a074.014.PIE$b2246$fDECGE 952 $aR1-R4.192$fDECTS 952 $a60 338.984 REPI 1979$b48237$fFAGBC 952 $aF ECO 573$b02/0003/26$fFAGBC 959 $aFAGBC 959 $aSES 959 $aDECGE 959 $aDECTS 996 $aProgrammazione comprensoriale$9370485 997 $aUNINA